| 000 | 00639nam a2200169 i 4500 | ||
|---|---|---|---|
| 001 | 41332 | ||
| 003 | ES-MaACL | ||
| 005 | 20230906160419.0 | ||
| 007 | t| | ||
| 008 | 030310s1925 sp ||||1| spa d | ||
| 245 | 0 | 3 |
_aLa casa comercial _b: informe sobre la casa fondo o hacienda comercial, emitido con sujección al R.D. de 15 julio de 1924. |
| 260 |
_aBarcelona : _b[s.n., _c1925] ( _fArtes Gráficas) |
||
| 300 |
_a70 p. ; _c24 cm. |
||
| 500 | _aPrecede al tít.: Cámara Oficial de Comercio y Navegación. | ||
| 710 | 2 |
_aCámara Oficial de Comercio, Industria y Navegación de Barcelona. _92390 |
|
| 852 |
_aES-MaACL _j1520-F-3 _bR.5242 |
||
| 999 |
_c41332 _d41332 |
||